000 00543nam a22001817a 4500
999 _c6493
_d6493
003 GBCCL
005 20241126110604.0
008 180516b ||||| |||| 00| 0 eng d
040 _cgbc
082 _a813.54
_bPOW
245 _aJ. F. Powers /
_cEdited by Fallon Evans
260 _aSt. Louis:
_bB. Herder Book,
300 _a118 cm.
_c18 cm.
440 _aThe Christian Critic
_911626
650 _aPowers, J.F.
_y1917 - 1999
_xCriticism and Interpretation
_911624
650 _aChristian fiction
_xHistory and criticism
_911625
942 _2ddc
_cBK